|
|
|
|
| LEADER |
00000nam0a2200000 4500 |
| 001 |
164674 |
| 005 |
20231031161420.0 |
| 010 |
|
|
|a 5376013545
|
| 035 |
|
|
|a (RuTPU)RU\TPU\book\178649
|
| 090 |
|
|
|a 164674
|
| 100 |
|
|
|a 20090909d1992 k y0rusy50 ca
|
| 101 |
0 |
|
|a rus
|
| 102 |
|
|
|a MD
|
| 105 |
|
|
|a a z 001zy
|
| 200 |
1 |
|
|a Русловые процессы и гидравлика малых рек
|f В. И. Никора
|g Академия наук Молдавской ССР (АН МССР), Институт геофизики и геологии; под ред. Д. И. Гринвальда
|
| 210 |
|
|
|a Кишинев
|c Штиинца
|d 1992
|
| 215 |
|
|
|a 144 с.
|c ил.
|
| 320 |
|
|
|a Библиогр.: с. 136-140.
|
| 610 |
1 |
|
|a малые реки
|
| 610 |
1 |
|
|a гидравлика
|
| 610 |
1 |
|
|a русловые процессы
|
| 610 |
1 |
|
|a гидравлический режим
|
| 610 |
1 |
|
|a устойчивость
|
| 610 |
1 |
|
|a расчеты
|
| 675 |
|
|
|a 556.53
|v 3
|
| 700 |
|
1 |
|a Никора
|b В. И.
|g Владимир Иванович
|
| 702 |
|
1 |
|a Гринвальд
|b Д. И.
|4 340
|
| 712 |
0 |
2 |
|a Академия наук Молдавской ССР (АН МССР)
|b Институт геофизики и геологии
|2 stltpush
|3 (RuTPU)RU\TPU\col\13863
|
| 801 |
|
1 |
|a RU
|b 63413507
|c 20090909
|
| 801 |
|
2 |
|a RU
|b 63413507
|c 20100205
|g RCR
|
| 942 |
|
|
|c BK
|